Normal view
MARC view
Entry Nombre personal
001 - NÚMERO DE CONTROL
- campo de control: 162
003 - IDENTIFICADOR DE NÚMERO DE CONTROL
- campo de control: DLC
005 - FECHA Y HORA DE LA ÚLTIMA TRANSACCIÓN
- campo de control: 20260120110844.0
008 - ELEMENTOS DE DATO DE LONGITUD-FIJA
- campo de control de longitud fija: 931029n| acannaab| |n aaa |||
010 ## - NÚMERO DE CONTROL DE LA BIBLIOTECA DEL CONGRESO
- Número de control de LC: n 93106944
040 ## - FUENTE DE CATALOGACIÓN
- Centro catalogador/agencia de origen: DLC
- Centro/agencia transcriptor: DLC
100 10 - ENCABEZAMIENTO-NOMBRE DE PERSONA
- Nombre de persona: Otero, Rodolfo
670 ## - FUENTE DE DATOS ENCONTRADOS
- Cita de la fuente: El verano del potro, 1986:
- Información encontrada: t.p. (Rodolfo Otero)